Những câu nói hay về sách và văn hóa đọc sách

Sách giới thiệu những câu nói, những cảm nhận hay về sách và văn hóa đọc sách.

محفوظ في:
التفاصيل البيبلوغرافية
التنسيق: كتاب
اللغة:Vietnamese
منشور في: H. Lao động 2017
الطبعة:In lần 2
الموضوعات:
الوسوم: إضافة وسم
لا توجد وسوم, كن أول من يضع وسما على هذه التسجيلة!
Thư viện lưu trữ: Thư viện Trường Đại học Nam Cần Thơ
LEADER 00984nam a22002057a 4500
001 NCT_54846
008 181105b xxu||||| |||| 00| 0 vie d
999 |c 2637  |d 2637 
020 |c 35000 
082 0 4 |2 23rd ed.  |a 028  |b H513 
245 0 0 |a Những câu nói hay về sách và văn hóa đọc sách  |c Nguyễn Mạnh Hùng (biên soạn) 
250 |a In lần 2 
260 |a H.  |b Lao động   |c 2017 
300 |a 139 tr.  |c 19cm 
520 3 |a Sách giới thiệu những câu nói, những cảm nhận hay về sách và văn hóa đọc sách. 
653 |a Tham khảo 
942 |2 ddc  |c BK 
952 |0 0  |1 0  |2 ddc  |4 0  |6 028_000000000000000_H513  |7 0  |9 14807  |a 000001  |b 000001  |d 2018-11-05  |o 028 H513  |p TK.00575  |r 2018-11-05  |v 35000.00  |w 2018-11-05  |y BK 
952 |0 0  |1 0  |2 ddc  |4 0  |6 028_000000000000000_H513  |7 0  |9 14808  |a 000001  |b 000001  |d 2018-11-05  |o 028 H513  |p TK.00576  |r 2018-11-05  |v 35000.00  |w 2018-11-05  |y BK 
980 |a Thư viện Trường Đại học Nam Cần Thơ